000 00354 a2200157 4500
001 71272
020 _a8526077775
040 _cAnchieta - Colégio São Paulo
100 _aMunduruku, Daniel
240 1 0 _aVocê lembra, pai?
_lpor
245 1 0 _aVocê lembra, pai?
300 _a[24.]
362 0 _a2003
650 4 _aLiteratura infantil
942 _cBK
999 _c71272
_d71272